| 000 | 00565nam a2200229Ia 4500 | ||
|---|---|---|---|
| 003 | OSt | ||
| 005 | 20231106160128.0 | ||
| 008 | 210210b2005 xxu||||| |||| 00| 0 eng d | ||
| 020 | _a81 259 1275 4 | ||
| 040 | _cAL | ||
| 041 | _aEnglish | ||
| 082 | _a001.424 KALO | ||
| 100 |
_aKALAVATHY (S). _9141011 |
||
| 245 | _aOperations research | ||
| 250 | _a2 | ||
| 260 |
_aND _bVikas Publishing House Pvt Ltd. _c2005 |
||
| 300 | _axv,536 | ||
| 650 |
_aOperations research _9141012 |
||
| 690 |
_aOperations Research _9141013 |
||
| 906 | _a060347 | ||
| 942 |
_2ddc _cBK |
||
| 999 |
_c107067 _d107067 |
||